LEADER 00495nab a2200145 i 4500 001 000000312958 003 CaOOAMICUS 005 20180831173102.0 008 180831n xx uu u0 0und r 013 $a22050 040 $aSeMil$bita 100 1 $aBuenner, Denys.$0(OLS)http://semarc/name/88459 245 13$aLa formazione del Messale Romano (V-XVI secolo) 773 0 $t[Gennaio-Giugno].$g201-215, 360-37$w()274223 996 $6245$aLa formazione del Messale Romano (V-XVI secolo)$9(OLS)http://semarc/title/387293 LEADER 00468nab a2200145 i 4500 001 000000312310 003 CaOOAMICUS 005 20180831173049.0 008 180831n xx uu u0 0und r 013 $a21402 040 $aSeMil$bita 100 1 $aPast, Romualdo.$0(OLS)http://semarc/name/95232 245 10$aSulle tracce dei Monaci di S. Gallo. 773 0 $t[Settembre-Dicembre].$g223-230$w()274207 996 $6245$aSulle tracce dei Monaci di S. Gallo$9(OLS)http://semarc/title/386757